-Ize Vocabulary Words - Statistics

General Stats
  • This quiz has been taken 18,958 times
    15,074 since last reset
  • The average score is 13 of 20
Answer Stats
Defintion Word % Correct
To make text look like this {Italic}ize
85%
To destroy or deface property {Vandal}ize
83%
To cast out evil spirits {Exorc}ize
82%
To pass off someone else's work as one's own {Plagiar}ize
82%
To brown sugar by heating it {Caramel}ize
79%
To heat a liquid (such as milk) in order to kill harmful germs {Pasteur}ize
79%
To speak at someone's funeral {Eulog}ize
72%
To remove original sin with holy water {Bapt}ize
69%
To vaccinate {Immun}ize
69%
To make infertile {Steril}ize
68%
To be a customer of a business; or, to act condescendingly towards {Patron}ize
67%
To rust {Oxid}ize
66%
To burn flesh in order to prevent bleeding or infection {Cauter}ize
62%
To kill for mercy {Euthan}ize
60%
To turn into a gas {Vapor}ize
55%
To make friends with enemy troops {Fratern}ize
51%
To treat rubber to make it more durable {Vulcan}ize
43%
To shun {Ostrac}ize
39%
To justify an immoral act after the fact {Rational}ize
30%
To spread out a debt payment over installments {Amort}ize
21%
No matching quizzes found
Score Distribution
Percent of People with Each Score
Percentile by Number Answered
Your Score History
You have not taken this quiz since the last reset